000 00679nam a22002297a 4500
003 UA-OsUOA
001 111927
007 ta
008 20150615b un ||||| |||| 00| 0 ukr d
100 _aАникин Г. В.
090 _a82.09(420)
_bА67
942 _cBK
040 _aUA-OsUOA
_brus
_cUA-OsUOA
_dUA-OsUOA
245 _aЭстетика Джона Рёскина и английская литература ХІХ века
_bмонография
300 _a319 с.
955 _a1
041 _arus
080 _a82.09(420)
260 _aМ.
_bНаука
_c1986
650 7 _a82 Література. Літературознавство
_2UDC
999 _c398488
_d398488